Proyecto de un monumento á la gloria de Cristóbal Colón y de España, por el descubrimiento del nuevo mundo (Record no. 158757)

MARC details
000 -LEADER
campo de control de longitud fija 00727nam a22001695i 4500
001 - NÚMERO DE CONTROL
campo de control 158757
003 - IDENTIFICADOR DE NÚMERO DE CONTROL
campo de control ES-MaACL
005 - FECHA Y HORA DE LA ÚLTIMA TRANSACCIÓN
campo de control 20230906211313.0
008 - DATOS DE LONGITUD FIJA--INFORMACIÓN GENERAL
campo de control de longitud fija 950111s1876 sp |||| | spa d
040 ## - FUENTE DE CATALOGACIÓN
Centro catalogador/agencia de origen CARM
Lengua de catalogación spa
100 1# - ENTRADA PRINCIPAL--NOMBRE DE PERSONA
Nombre de persona Marin Baldo, José.
9 (RLIN) 129497
245 10 - MENCIÓN DEL TÍTULO
Título Proyecto de un monumento á la gloria de Cristóbal Colón y de España, por el descubrimiento del nuevo mundo
Resto del título : memoria facultativa /
Mención de responsabilidad, etc. escrita por José Marin Baldo.
260 ## - PUBLICACIÓN, DISTRIBUCIÓN, ETC.
Lugar de publicación, distribución, etc. Madrid :
Nombre del editor, distribuidor, etc. [s.n.],
Fecha de publicación, distribución, etc. 1876 (
Fabricante Establecimientos tipográficos de M. Minuesa)
300 ## - DESCRIPCIÓN FÍSICA
Extensión 83 p. ;
Dimensiones 24 cm.
600 14 - PUNTO DE ACCESO ADICIONAL DE MATERIA--NOMBRE DE PERSONA
Nombre de persona Colón, Cristóbal-
Subdivisión general Monumentos.
9 (RLIN) 157048
852 ## - LOCALIZACIÓN
Ubicación ES-MaACL
Número de control de estantería T-840-F-4
Nota libre -- Enc. hol. conservando la cub. original
-- -- Enc. en un vol. facticio
Holdings
Estatus retirado Estado de pérdida Estado de daño No para préstamo Colección Biblioteca de origen Biblioteca actual Ubicación en estantería Fecha de adquisición Total de préstamos Signatura topográfica completa Código de barras Visto por última vez Precio de reemplazo Tipo de ítem Koha
        Colección de folletos Biblioteca del Ateneo de Madrid Biblioteca del Ateneo de Madrid Depósito folletos 17/01/2008   T-840-F-4 1166169 23/02/2023 23/02/2023 Folleto